Statistics for Top 20 most important and famous people from Norway

Click here to take the quiz!

General Stats

  • This quiz has been taken 48 times
  • The average score is 8 of 20

Answer Stats

HintAnswer% Correct
Pop band, Take On Mea-ha
91%
Painter of The Scream and PubertyEdvard Munch
89%
Explorer, a key figure of the antarctic explorationsRoald Amundsen
73%
Playwright of A Doll's House and Hedda GablerHenrik Ibsen
61%
Football player of Manchester CityErling Haaland
59%
King from 1991Harald V
57%
Coach and football player, legend of Manchester UnitedOle Gunnar Solskjær
57%
Composer, considered one of the greatest Romantic era composersEdvard Grieg
52%
Secretary general of NATO since 2014Jens Stoltenberg
52%
King from 1905 to 1957Haakon VII
39%
Explorer who led the team that made the first crossing of the Greenland interior in 1888, winner of Nobel Peace Prize in 1922Fridtjof Nansen
34%
Female cross-country skier, winner of 15 Winter Olympic medalsMarit Bjørgen
32%
Writer, winner of Nobel Prize in Literature in 1920, writer of Hunger and Growth of the SoilKnut Hamsun
30%
Writer, winner of Nobel Prize in Literature in 1903Bjørnstjerne Bjørnson
23%
Actress, famous for her roles in Persona, Cries and Whispers and Scenes from a MarriageLiv Ullmann
18%
Writer of Kristin Lavransdatter, a trilogy about life in Norway in the Middle Ages. Winner of Nobel Prize in 1928Sigrid Undset
16%
Painter of Winter at the Sognefjord and Copenhagen Harbor by MoonlightJohan Christian Dahl
9%
Director of The Imitation GameMorten Tyldum
9%
Scientist, who discovered grid cells in the brain's medial entorhinal cortex, winner of Nobel Prize in Medicine in 2014Edvard Moser
7%
Physicist, winner of Nobel Prize in Physics in 1973 for their discoveries regarding tunnelling phenomena in solidsIvar Giaever
7%

Score Distribution

Percentile by Number Answered

Percent of People with Each Score

Your Score History

You have not taken this quiz